In Cammino... (Record n. 34075)
[ formato base ]
| 000 -LEADER | |
|---|---|
| fixed length control field | 01060nam a2200229Ia 4500 |
| 003 - CONTROL NUMBER IDENTIFIER | |
| control field | IT-RoPAU |
| 005 - DATE AND TIME OF LATEST TRANSACTION | |
| control field | 20220918175852.0 |
| 008 - FIXED-LENGTH DATA ELEMENTS--GENERAL INFORMATION | |
| fixed length control field | 120407s9999 xx 000 0 und d |
| 040 ## - CATALOGING SOURCE | |
| Original cataloging agency | IT-RoPAU |
| Transcribing agency | 20140510102126.0 |
| 040 ## - CATALOGING SOURCE | |
| Transcribing agency | IT-RoPAU |
| 041 ## - LANGUAGE CODE | |
| Language code of text/sound track or separate title | ita |
| 100 ## - MAIN ENTRY--PERSONAL NAME | |
| Personal name | Cesarato M. Regina |
| 9 (RLIN) | 24404 |
| 100 ## - MAIN ENTRY--PERSONAL NAME | |
| Titles and words associated with a name | sr. |
| 9 (RLIN) | 16933 |
| 245 ## - TITLE STATEMENT | |
| Title | In Cammino... |
| Remainder of title | Proposta celebrativa nel 40° dell’Approvazione pontificia delle Pie Discepole del Divin Maestro |
| 260 ## - PUBLICATION, DISTRIBUTION, ETC. (IMPRINT) | |
| Date of publication, distribution, etc. | 1987 |
| Place of publication, distribution, etc. | Roma |
| Name of publisher, distributor, etc. | Casa Generalizia PDDM - CSCM |
| 300 ## - PHYSICAL DESCRIPTION | |
| Extent | 40 p. |
| Dimensions | 21 cm |
| 490 ## - SERIES STATEMENT | |
| Volume/sequential designation | Vol. n. 3 |
| Series statement | Anno 40° dell’Approvazione pontificia delle Pie Discepole del Divin Maestro |
| 500 ## - GENERAL NOTE | |
| General note | Uso manoscritto |
| 520 ## - SUMMARY, ETC. | |
| Summary, etc. | Indice<br/><br/>Presentazione<br/>Noi ti rendiamo grazie - Schema per l'Adorazione Eucaristica<br/>Ricordando il Fondatore e Don Timoteo Giaccardo - Riflessione Comunitaria<br/>1. Don Giacomo Alberione e Don Timoteo Giaccardo: un incontro provvidenziale<br/>2. Il Fondatore affida le Pie Discepole a Don Timoteo Giaccardo<br/>3. Frammenti preziosi<br/>Conclusione |
| 942 ## - ADDED ENTRY ELEMENTS (KOHA) | |
| Koha item type | LIBRO |
| Source of classification or shelving scheme | Dewey Decimal Classification |
| Withdrawn status | Lost status | Source of classification or shelving scheme | Damaged status | Not for loan | Home library | Current library | Date acquired | Total Checkouts | Full call number | Date last seen | Price effective from | Koha item type |
|---|---|---|---|---|---|---|---|---|---|---|---|---|
| Dewey Decimal Classification | Buone Condizioni | Not For Loan | PAULUS-BIBLIOTECA | PAULUS-BIBLIOTECA | 11/04/2012 | PD5 | 11/04/2012 | 11/04/2012 | LIBRO |